| 000 | 00354nam a22001217a 4500 | ||
|---|---|---|---|
| 020 | _a0470863986 | ||
| 082 |
_222 _a005.1 |
||
| 100 | _aGlassborow, Francies and Allen, Roberta. | ||
| 245 |
_aYou can do it : _ba beginner's introduction to computer programming / |
||
| 260 |
_aUK, _bWiley, _cc2004. |
||
| 300 |
_axxii, 253p. ; _bill. ; _c23 cm. |
||
| 942 |
_2ddc _cIT |
||
| 999 |
_c2271 _d2271 |
||